| 000 | 00620nam a22001697a 4500 | ||
|---|---|---|---|
| 003 | BD-DhUL | ||
| 005 | 20170403132634.0 | ||
| 008 | 170403s1351 bg a|||| |||| 000 0 ben d | ||
| 040 |
_aBD-DhUL _cBD-DhUL |
||
| 082 |
_a050 _bMOH |
||
| 245 | 0 | 0 |
_aমাসিক মোহাম্মদী : _b১৮শ বর্ষ : ১ম সংখ্যা, কার্তিক- ১৩৫১ / |
| 260 |
_aঢাকা : _bআজাদ অফিস, _c১৩৫১। |
||
| 300 |
_a খণ্ড : _bচিত্র ; _c২৫ সেমি.। |
||
| 650 | 0 | _aসাময়িকী | |
| 650 | 0 | _aPeriodicals | |
| 942 |
_2ddc _cREF |
||
| 999 |
_c171316 _d171316 |
||